[Event "GER-ch Net blitz qual4"]
[Site "Playchess.com INT"]
[Date "2020.03.23"]
[Round "4"]
[White "Colbow, Collin"]
[Black "Ribbe, Juergen"]
[Result "1/2-1/2"]
[WhiteElo "2222"]
[BlackElo "1982"]
[PlyCount "117"]
[EventDate "2020.03.23"]
[EventType "swiss (blitz)"]
[EventRounds "9"]
[EventCountry "GER"]
[SourceTitle "CBM 195 Extra"]
[Source "ChessBase"]
[SourceDate "2020.05.31"]
[SourceVersion "1"]
[SourceVersionDate "2020.05.31"]
[SourceQuality "1"]

1. e4 g6 2. d4 Bg7 3. Nc3 d6 4. Nf3 c6 5. Bf4 Bg4 6. Qd2 Bxf3 7. gxf3 Nf6 8. 0-0-0 0-0 9. Bh6 Nbd7 10. h4 Nh5 11. Bxg7 Kxg7 12. f4 e5 13. fxe5 dxe5 14. dxe5 Nxe5 15. Qe3 Qf6 16. Be2 Qf4 17. Bxh5 Qxe3+ 18. fxe3 gxh5 19. Rhg1+ Ng4 20. Rd7 Rab8 21. e5 Rfe8 22. Ne4 Rxe5 23. Nd6 Rf8 24. Rf1 Nxe3 25. Rfxf7+ Rxf7 26. Rxf7+ Kg6 27. Rxb7 Rd5 28. b3 Rxd6 29. Rxa7 Rd1+ 30. Kb2 Rd2 31. a4 Rxc2+ 32. Ka3 c5 33. a5 Nd5 34. Ra6+ Kf5 35. Rc6 Ra2+ 36. Kxa2 Nb4+ 37. Ka3 Nxc6 38. a6 Ke5 39. Ka4 Kd5 40. Kb5 Kd6 41. Kb6 Kd5 42. a7 Nxa7 43. Kxa7 c4 44. bxc4+ Kxc4 45. Kb6 Kd5 46. Kb5 Ke5 47. Kc4 Kf4 48. Kd3 Kg4 49. Ke2 Kxh4 50. Kf1 Kh3 51. Kg1 Kg3 52. Kh1 h4 53. Kg1 h3 54. Kh1 h5 55. Kg1 h4 56. Kh1 Kf2 57. Kh2 Kf1 58. Kxh3 Kg1 59. Kxh4 1/2-1/2

[Event "GER-ch Net blitz qual4"]
[Site "Playchess.com INT"]
[Date "2020.03.23"]
[Round "1"]
[White "Ribbe, Juergen"]
[Black "Lange, Stephan"]
[Result "0-1"]
[WhiteElo "1982"]
[BlackElo "2110"]
[PlyCount "206"]
[EventDate "2020.03.23"]
[EventType "swiss (blitz)"]
[EventRounds "9"]
[EventCountry "GER"]
[SourceTitle "CBM 195 Extra"]
[Source "ChessBase"]
[SourceDate "2020.05.31"]
[SourceVersion "1"]
[SourceVersionDate "2020.05.31"]
[SourceQuality "1"]

1. d4 g6 2. Nc3 Bg7 3. e4 c6 4. Nf3 d6 5. Be2 e6 6. 0-0 Nh6 7. h3 f6 8. Be3 Nf7 9. Qd2 0-0 10. Nd1 Qe7 11. c3 b6 12. Bd3 Na6 13. a3 Nc7 14. Rb1 Bb7 15. Qc2 Rad8 16. b4 Rfe8 17. c4 Rc8 18. Nc3 Red8 19. Rfd1 Qf8 20. Qd2 Qe7 21. Qe2 Re8 22. Rdc1 Rcd8 23. Rd1 f5 24. exf5 exf5 25. Bf4 Ne6 26. Bh2 Nxd4 27. Nxd4 Bxd4 28. Qxe7 Rxe7 29. Ne2 Be5 30. Nf4 Bxf4 31. Bxf4 Red7 32. h4 c5 33. b5 Kg7 34. Be2 Be4 35. Rbc1 Kf6 36. Rd2 h6 37. Rcd1 g5 38. Bh2 gxh4 39. f3 Ba8 40. Bf4 Ke6 41. Kf2 Ng5 42. Rh1 h3 43. Bxg5 hxg5 44. Rxh3 Ke5 45. Rh5 Rg7 46. g3 d5 47. cxd5 Rxd5 48. Rxd5+ Bxd5 49. Ke3 Bf7 50. f4+ Kf6 51. Rh6+ Rg6 52. Rh8 Rg7 53. Rd8 Be6 54. Rf8+ Rf7 55. Rh8 Rg7 56. Rf8+ Ke7 57. Rh8 g4 58. Bd3 Rf7 59. Rh6 Kd6 60. Rh8 c4 61. Bc2 Kc5 62. Ba4 Rd7 63. Rc8+ Kd6 64. Rc6+ Ke7 65. Bc2 Kf6 66. a4 Re7 67. Kd4 Rd7+ 68. Kc3 Rh7 69. a5 bxa5 70. Ra6 Rb7 71. Rxa5 Ke7 72. Kd4 Rd7+ 73. Kc3 Kf6 74. Ra6 Rd5 75. b6 axb6 76. Rxb6 Rc5 77. Ba4 Rc8 78. Bd7 Rh8 79. Bxe6 Rh3 80. Bxc4+ Kg7 81. Be6 Rxg3+ 82. Kd4 Rf3 83. Ke5 g3 84. Bd5 g2 85. Bxf3 g1Q 86. Re6 Qe3+ 87. Kxf5 Qxf3 88. Re5 Kf7 89. Kg5 Qh3 90. Rf5+ Kg7 91. Re5 Qg3+ 92. Kf5 Kf7 93. Ke4 Kf6 94. Kd4 Qxf4+ 95. Re4 Qd6+ 96. Ke3 Kf5 97. Rd4 Qe5+ 98. Kd3 Qg3+ 99. Kc4 Ke6 100. Re4+ Kd6 101. Kd4 Qf2+ 102. Kd3 Kd5 103. Rc4 Qf1+ 0-1

[Event "GER-ch Net blitz qual4"]
[Site "Playchess.com INT"]
[Date "2020.03.23"]
[Round "7"]
[White "Ribbe, Juergen"]
[Black "Michel, Steffen"]
[Result "0-1"]
[WhiteElo "1982"]
[BlackElo "2148"]
[PlyCount "134"]
[EventDate "2020.03.23"]
[EventType "swiss (blitz)"]
[EventRounds "9"]
[EventCountry "GER"]
[SourceTitle "CBM 195 Extra"]
[Source "ChessBase"]
[SourceDate "2020.05.31"]
[SourceVersion "1"]
[SourceVersionDate "2020.05.31"]
[SourceQuality "1"]

1. d4 Nf6 2. Nc3 e6 3. e4 c5 4. Nf3 d5 5. exd5 Nxd5 6. Nxd5 Qxd5 7. Be2 Nc6 8. Be3 cxd4 9. Nxd4 Nxd4 10. Qxd4 Qxd4 11. Bxd4 Bd7 12. 0-0-0 f6 13. f4 b6 14. Bf3 Rc8 15. Rhe1 Bc5 16. Bxc5 Rxc5 17. Rd6 Ke7 18. Red1 Rc7 19. g3 Rhc8 20. R6d2 e5 21. fxe5 fxe5 22. Be4 g6 23. c3 Bf5 24. Re1 Bxe4 25. Rxe4 Ke6 26. Kc2 Rc4 27. Rxc4 Rxc4 28. Rd8 Re4 29. Kd2 h5 30. Rg8 Kf5 31. Rg7 Ra4 32. a3 Ra5 33. Ke3 Rb5 34. b4 Rd5 35. Rxa7 Rd1 36. a4 Re1+ 37. Kf2 Rc1 38. Rc7 Ke4 39. a5 Rc2+ 40. Ke1 bxa5 41. bxa5 Ke3 42. Kd1 Rxh2 43. Kc1 Ra2 44. Rc5 e4 45. Kb1 Ra4 46. Kb2 Kd3 47. Kb3 Ra1 48. Rd5+ Ke2 49. Kb2 Rf1 50. Rd6 g5 51. a6 Rf8 52. Rd5 h4 53. gxh4 gxh4 54. Rh5 e3 55. Rxh4 Ra8 56. Rh6 Kd3 57. Kb3 e2 58. Rh1 Rxa6 59. Kb2 Rf6 60. Rh3+ Kd2 61. Rh2 Kd1 62. Rh1+ e1Q 63. Rxe1+ Kxe1 64. c4 Kd2 65. Kb3 Kd3 66. Kb4 Kd4 67. Kb5 Rf5+ 0-1

[Event "GER-ch Net blitz qual2"]
[Site "Playchess.com INT"]
[Date "2020.03.16"]
[Round "7"]
[White "Ribbe, Juergen"]
[Black "Auge, Hendrik"]
[Result "0-1"]
[WhiteElo "1982"]
[BlackElo "1627"]
[PlyCount "82"]
[EventDate "2020.03.16"]
[EventType "swiss (blitz)"]
[EventRounds "9"]
[EventCountry "GER"]
[SourceTitle "CBM 195 Extra"]
[Source "ChessBase"]
[SourceDate "2020.05.31"]
[SourceVersion "1"]
[SourceVersionDate "2020.05.31"]
[SourceQuality "1"]

1. d4 d5 2. Nc3 Nf6 3. Nf3 e6 4. g3 c5 5. Bg2 Be7 6. 0-0 0-0 7. dxc5 Bxc5 8. b3 Nc6 9. Bb2 Re8 10. a3 Qc7 11. Nb5 Qd8 12. Nbd4 Bxd4 13. Nxd4 e5 14. Nxc6 bxc6 15. c4 Bb7 16. Qc2 Rc8 17. e3 Qb6 18. Rfd1 h6 19. h3 Ba6 20. c5 Qc7 21. Rd2 Rcd8 22. Rad1 Bc8 23. Kh2 Be6 24. b4 Bd7 25. Qb3 a6 26. Qa2 Qc8 27. Qa1 Qc7 28. Rc1 a5 29. Bc3 a4 30. Qb2 Bf5 31. g4 Be4 32. f3 Bg6 33. Kg1 h5 34. Rf2 d4 35. exd4 exd4 36. Bxd4 Qg3 37. Rd2 Nd5 38. Re2 Nf4 39. Rxe8+ Rxe8 40. Kf1 Re2 41. Rc2 Qxg2# 0-1

[Event "GER-ch Net blitz qual2"]
[Site "Playchess.com INT"]
[Date "2020.03.16"]
[Round "2"]
[White "Stein, Robert"]
[Black "Ribbe, Juergen"]
[Result "1-0"]
[WhiteElo "2325"]
[BlackElo "1982"]
[PlyCount "77"]
[EventDate "2020.03.16"]
[EventType "swiss (blitz)"]
[EventRounds "9"]
[EventCountry "GER"]
[SourceTitle "CBM 195 Extra"]
[Source "ChessBase"]
[SourceDate "2020.05.31"]
[SourceVersion "1"]
[SourceVersionDate "2020.05.31"]
[SourceQuality "1"]

1. d4 Nf6 2. Nf3 d5 3. c4 e6 4. g3 Be7 5. Bg2 0-0 6. Qc2 Nbd7 7. 0-0 b6 8. Bf4 c5 9. dxc5 Nxc5 10. Rd1 Bb7 11. Nc3 Qc8 12. cxd5 Nxd5 13. Bg5 Nxc3 14. Bxe7 Nxd1 15. Bxf8 Qxf8 16. Rxd1 Rd8 17. Rc1 h6 18. b4 Ne4 19. Qa4 a6 20. b5 a5 21. Ne5 Nc5 22. Qf4 Bxg2 23. Kxg2 Rd5 24. Nc4 Qd8 25. e4 Nd3 26. Qd2 Nxc1 27. exd5 exd5 28. Ne5 Qf6 29. Nf3 Qa1 30. Qxd5 Qxa2 31. Qd8+ Kh7 32. Qxb6 Nb3 33. Qe3 Qc2 34. b6 a4 35. b7 Qc7 36. Qe4+ g6 37. Qb4 Nc5 38. b8Q Qxb8 39. Qxb8 1-0

[Event "GER-ch Net blitz qual1"]
[Site "Playchess.com INT"]
[Date "2020.03.07"]
[Round "9"]
[White "Hoke, Adrian Neo"]
[Black "Ribbe, Juergen"]
[Result "1-0"]
[WhiteElo "1575"]
[BlackElo "1982"]
[PlyCount "73"]
[EventDate "2020.03.07"]
[EventType "swiss (blitz)"]
[EventRounds "9"]
[EventCountry "GER"]
[SourceTitle "CBM 195 Extra"]
[Source "ChessBase"]
[SourceDate "2020.05.31"]
[SourceVersion "1"]
[SourceVersionDate "2020.05.31"]
[SourceQuality "1"]

1. e4 g6 2. d4 Bg7 3. Nf3 c6 4. Nc3 d6 5. Be3 Qc7 6. Bc4 b5 7. Bb3 a5 8. a4 b4 9. Ne2 Ba6 10. 0-0 c5 11. c3 c4 12. Bc2 b3 13. Bb1 e5 14. dxe5 dxe5 15. Qd5 Nc6 16. Nd2 Nf6 17. Qc5 Bf8 18. Qb6 Qxb6 19. Bxb6 Rb8 20. Be3 Ng4 21. Bg5 Bh6 22. Bxh6 Nxh6 23. f4 f6 24. Nf3 Ke7 25. fxe5 fxe5 26. Rd1 Nf7 27. Rd5 Rhd8 28. Kf2 Rd6 29. Ke3 Rbd8 30. h4 Bb7 31. Nd2 Ba6 32. Nf3 Rxd5 33. exd5 Rxd5 34. Be4 Rd6 35. Rf1 Ncd8 36. Nd2 Ne6 37. g3 1-0